00855nam a22002537a 4500003000900000005001700009007000300026008002900029040002500058082002800083100001500111245003900126260005700165300002100222500006800243590002600311650002200337650002600359650002300385910003900408942001200447952012500459999001700584DO-SdBNP20240515121720.0ta210617e2021 dr| 00| f spa d aDO-SdBNPbspacBPMSU 4aRD863.5bM425p 20212221 aMateo, Ana10aPetronila :bnovela /cAna Mateo . aSanto Domingo :bJaime Meléndez Publicidad.c2021. a352 p. ;c23 cm. aIncluye datos biográficos de la autora en la contracubierta. aInventariado, 2024/VM 4aNovela dominicana 4aLiteratura dominicanaz aDominican fictions aVMateo V. Control de calidad BPMSU 2ddccBK 00102ddc40708CDaBPMETbBPMETd2024-05-15l0oBPMSU CD RD863.5 M425p 2021pBPMSU24050004r2024-05-15w2024-05-15yBK c14642d14642